00361nam a22001457a 4500003000400000008004100004020001800045082001200063100001500075245003100090250000900121260005500130300001200185650001800197OSt200706b ||||| |||| 00| 0 eng d a9788123911502 a615 BAE aBasu, D.K. aEssentials of Pharmacology a2014 aNew DelhibCBS Publishers & Distributors Pvt. Ltd. aPg. 168 aPharmacognosy